000 00655nam a2200229Ia 4500
003 GCL
008 140319s9999 xx 000 0 ara d
040 _aGCL /
_cGCL
082 0 4 _a808.8
_bهـ ا
100 1 _aطه حسين
245 1 0 _aازمة الضمير الاوربى 1715-1560 /
_cطه حسين
700 1 _aهازار ول
700 1 _aجودت عثمان
700 1 _aمحمد نجيب المستكاوى
260 _a[S.N] :
_bدار الشروق ،
_c1987
300 _a467 ص
490 _a
650 0 4 _aالادب المقارن
650 0 4 _aالادب الاوربى
650 0 4 _aتاريخ ونقد
942 _2ddc
_cBK
999 _c33389
_d33389